Bulgarien-Quiz - Statistiken

Allgemein
  • Dieses Quiz wurde 1.758 mal gespielt
  • Das Durchschnittsergebnis liegt bei 13 aus 20
Antwortstatistiken
Frage Antwort % Korrekt
Hauptstadt von Bulgarien Sofia
99%
Nachbarland Rumänien
97%
Meer, an welchem Bulgarien grenzt Schwarzes Meer
96%
Nachbarland Griechenland
93%
Nachbarland Serbien
92%
Nachbarland Türkei
92%
Nachbarland Nordmazedonien
89%
Fluss, der den Großteil der nördlichen Grenze bildet Donau
85%
Halbinsel, auf der Bulgarien sitzt Balkan
77%
Reich, von dem Bulgarien 1878 de-facto unabhängig wurde Osmanisches Reich
76%
Schriftsystem, das in Bulgarien im 9. Jahrhundert entwickelt wurde Kyrillisch
64%
Wichtigste Hafenstadt Bulgariens Warna
47%
Ehemalige Währung von Bulgarien (bis 2026) Lew
41%
Sportarten, in denen in Bulgarien am meisten Olympischen Medaillen gewonnen hat Ringen
41%
Bulgarisch-geborener Künstler, der zahlreiche Bauwerke « verpackte » Christo
38%
Traditionnelles Produkt, das mit Hilfe von Lactobacillus bulgaricus fermentiert wird Joghurt
33%
Bulgarien steht am 9. Rang für Konsum dieses Getränks (Rakija ist davon ein beliebtes Getränk) Alkohol
29%
Weltfußballer des Jahres 1994 Hristo Stoichkov
28%
Südbulgarien is Teil dieser antiken Region (Anfangsbuchstabe T) Thrakien
27%
Sportarten, in denen in Bulgarien am meisten Olympischen Medaillen gewonnen hat Gewichtheben
25%
Keine übereinstimmenden Quizze gefunden
Verteilung der Resultate
Anzahl Personen mit jedem Resultat
Perzentil nach korrekt beantworteten Fragen
Ihre Resultats-Entwicklung
Sie haben dieses Quiz noch nicht gespielt